| 000 | 00622nac a22001571u 4500 | ||
|---|---|---|---|
| 008 | 100719s ua|||||r|||| 000 0 ara d | ||
| 082 |
_a193 _bا م ا _222 |
||
| 245 |
_aدراسات هيجلية/ _cتأليف إمام عبد الفتاح إمام |
||
| 260 |
_aالقاهرة: _bدار الثقافة للنشر والتوزيع، 1984 _cc1984. |
||
| 300 |
_a405ص؛ _c24سم |
||
| 511 | _aCatalogued by: Sara | ||
| 541 |
_aألف باء؛ _cشراء؛ |
||
| 600 |
_916553 _aهيجل، جورج ويلهيلم فردريك _d1770-1831 |
||
| 650 |
_aالفلسفة الغربية _915104 |
||
| 942 |
_cBB _k193إ م ا _2ddc |
||
| 999 |
_c8110 _d8110 |
||